Schaum's outline of theory and porblems of statistics (Record no. 7820)

000 -LEADER
fixed length control field 00583nam a22002177a 4500
001 - CONTROL NUMBER
control field 7820
003 - CONTROL NUMBER IDENTIFIER
control field BD-DhUET
008 - FIXED-LENGTH DATA ELEMENTS--GENERAL INFORMATION
fixed length control field 141213b xxu||||| |||| 00| 0 eng d
020 ## - INTERNATIONAL STANDARD BOOK NUMBER
International Standard Book Number 070602271
020 ## - INTERNATIONAL STANDARD BOOK NUMBER
International Standard Book Number 0070990085
040 ## - CATALOGING SOURCE
Transcribing agency 0
Modifying agency BD-DhUET
082 ## - DEWEY DECIMAL CLASSIFICATION NUMBER
Classification number 519.9
Item number SPI/1961
100 ## - MAIN ENTRY--PERSONAL NAME
Personal name Spiegel, Murray R.
245 ## - TITLE STATEMENT
Title Schaum's outline of theory and porblems of statistics
Statement of responsibility, etc. in SI units
250 ## - EDITION STATEMENT
Edition statement 1st ed.
260 ## - PUBLICATION, DISTRIBUTION, ETC. (IMPRINT)
Place of publication, distribution, etc. New York
Name of publisher, distributor, etc. McGraw-Hill
Date of publication, distribution, etc. 1961
300 ## - PHYSICAL DESCRIPTION
Extent vii, 359p.
Other physical details ill.
Dimensions 35 cm.
490 ## - SERIES STATEMENT
Series statement Schau's outline series
650 #0 - SUBJECT ADDED ENTRY--TOPICAL TERM
Topical term or geographic name as entry element Statistical mathematics
942 ## - ADDED ENTRY ELEMENTS (KOHA)
Koha item type General Book
Holdings
Koha normalized classification for sorting Sublocation or collection (holding branch) Not for loan Source of classification or shelving scheme Price effective from Koha item type Lost status Koha date last seen Date acquired Shelving location Piece designation (barcode) Withdrawn status Copy number Koha full call number Location (home branch) Damaged status
519_900000000000000_SPI_1961Central Library, BUET  2014-12-13General Book 2014-12-132014-12-13Circulation section31835 1519.9/SPI/1961Central Library, BUET 
519_900000000000000_SPI_1961Central Library, BUET  2014-12-13General Book 2014-12-132014-12-13Circulation section31855 2519.9/SPI/1961Central Library, BUET 
519_900000000000000_SPI_1961Central Library, BUET  2014-12-13General Book 2014-12-132014-12-13Circulation section31842 3519.9/SPI/1961Central Library, BUET 
519_900000000000000_SPI_1961Central Library, BUET  2014-12-13General Book 2014-12-132014-12-13Circulation section31824 4519.9/SPI/1961Central Library, BUET 
519_900000000000000_SPI_1961Central Library, BUET  2014-12-13General Book 2014-12-132014-12-13Circulation section31814 5519.9/SPI/1961Central Library, BUET 
519_900000000000000_SPI_1961Central Library, BUET  2014-12-13General Book 2014-12-132014-12-13Circulation section31841 6519.9/SPI/1961Central Library, BUET 
519_900000000000000_SPI_1961Central Library, BUET  2014-12-13General Book 2014-12-132014-12-13Circulation section31818 7519.9/SPI/1961Central Library, BUET 
519_900000000000000_SPI_1961Central Library, BUET  2014-12-13General Book 2014-12-132014-12-13Circulation section31861 8519.9/SPI/1961Central Library, BUET 
519_900000000000000_SPI_1961Central Library, BUET  2014-12-13General Book 2014-12-132014-12-13Circulation section31823 9519.9/SPI/1961Central Library, BUET 
519_900000000000000_SPI_1961Central Library, BUET  2014-12-13General Book 2014-12-132014-12-13Circulation section31862 10519.9/SPI/1961Central Library, BUET 
519_900000000000000_SPI_1961Central Library, BUET  2014-12-13General Book 2014-12-132014-12-13Circulation section31856 11519.9/SPI/1961Central Library, BUET 
519_900000000000000_SPI_1961Central Library, BUET  2015-07-09Reading Item 2015-07-092015-07-09Reading section31387 12519.9/SPI/1961Central Library, BUET